书目信息 |
| 题名: |
人道主义的呼唤
|
|
| 作者: | 邓朴方 著 | |
| 分册: | 第一辑 | |
| 出版信息: | 北京 华夏出版社 2006 |
|
| 页数: | 530页 | |
| 开本: | 21cm | |
| 丛书名: | ||
| 单 册: | ||
| 中图分类: | D669.69-52 | |
| 科图分类: | ||
| 主题词: | 残疾人--社会保障--中国--文集 , 残疾人 , 社会保障 | |
| 电子资源: | ||
| ISBN: | 7-5080-3957-2 | |
| 000 | 00863nam0 2200241 450 | |
| 001 | 1257064077 | |
| 005 | 20121004155144.18 | |
| 010 | @a7-5080-3957-2@dCNY35.00 | |
| 100 | @a20070226d2006 em y0chiy50 ea | |
| 101 | 0 | @achi |
| 102 | @aCN@b110000 | |
| 105 | @ay z 000yy | |
| 200 | 1 | @a人道主义的呼唤@Aren dao zhu yi de hu huan@h第一辑@e1983~1995@f邓朴方著 |
| 210 | @a北京@c华夏出版社@d2006 | |
| 215 | @a530页@d21cm | |
| 330 | @a本书收录了邓朴方同志一九八三年九月至一九九五年《中国残疾人事业“八五”计划纲要》完成期间有关人道主义、残疾人事业和残疾人工作的部分文章、演讲、报告、谈话、讲话、函电、答记者问等,计一百零四篇。 | |
| 606 | 0 | @a残疾人@x社会保障@y中国@j文集 |
| 606 | 0 | @a残疾人 |
| 606 | 0 | @a社会保障 |
| 690 | @aD669.69-52@v4 | |
| 701 | 0 | @a邓朴方@Adeng pu fang@f(1944.4~)@4著 |
| 801 | 0 | @aCN@bNLC@c20101222 |
| 905 | @a10447@dD669.69-52@eJY57:1 | |
| 人道主义的呼唤.第一辑:1983~1995/邓朴方著.-北京:华夏出版社,2006 |
| 530页;21cm |
| ISBN 7-5080-3957-2:CNY35.00 |
| 本书收录了邓朴方同志一九八三年九月至一九九五年《中国残疾人事业“八五”计划纲要》完成期间有关人道主义、残疾人事业和残疾人工作的部分文章、演讲、报告、谈话、讲话、函电、答记者问等,计一百零四篇。 |
| ● |
| 相关链接 |
|
|
|
|
正题名:人道主义的呼唤
索取号:D669.69-52/JY57:1
 
预约/预借
| 序号 | 登录号 | 条形码 | 馆藏地/架位号 | 状态 | 备注 |
| 1 | 7812314 | 278123148 | 学院路分馆/ [索取号:D669.69-52/JY57:1] | 在馆 | |
| 2 | 7812315 | 278123157 | 学院路分馆/ [索取号:D669.69-52/JY57:1] | 在馆 |